Memòria any 1989 / Arxiu Municipal Administratiu de l'Ajuntament de Barcelona
Descripción Física:
36 f. ; 30 cm
MARC
| LEADER | 00000nam a2200000Ia 4500 | ||
|---|---|---|---|
| 001 | 9160 | ||
| 008 | 160829s1990] xx 000 0 cat d | ||
| 080 | |a FU-25-5 | ||
| 110 | 2 | |a Arxiu Municipal de Barcelona |9 55021 | |
| 245 | |a Memòria any 1989 / Arxiu Municipal Administratiu de l'Ajuntament de Barcelona | ||
| 260 | |a Barcelona : |b [l'Arxiu, |c 1990] | ||
| 300 | |a 36 f. ; |c 30 cm | ||
| 650 | |a Barcelona. Arxiu Administratiu |x Memòries |9 23833 | ||
| 901 | |a Arxiu | ||
| 942 | |n 1 | ||
| 952 | |0 0 |1 0 |4 0 |6 FU255 |7 1 |9 42879 |a Arxiu |b Arxiu |d 2016-12-01 |l 0 |o FU-25-5 |p 9160 |r 2016-12-01 00:00:00 |w 2016-12-01 |y ARXIU | ||
| 999 | |c 45385 |d 45385 | ||